Statistics for 12 Months in 15 Seconds

Click here to take the quiz!

General Stats

  • This quiz has been taken 1,456,149 times
    (1,455,969 since last reset)
  • The average score is 7 of 12

Answer Stats

Month% Correct
January
91%
March
79%
April
76%
May
75%
June
75%
February
74%
July
70%
August
55%
September
41%
October
32%
November
25%
December
23%

Score Distribution

Percentile by Number Answered

Percent of People with Each Score

Your Score History

You have not taken this quiz since the last reset